| 000 | 02056nam0a2200421 4500 | ||
|---|---|---|---|
| 001 | RU\NLR\BIBL_A\022386275 | ||
| 005 | 20260420021842.0 | ||
| 010 |
_a978-5-6050942-5-8 _91000 |
||
| 021 |
_aRU _bКН-П-24-060728 _9КН-П-24-6036 |
||
| 035 | _a(NLR Aleph) 022386275 | ||
| 090 |
_a13670343 _c13670343 |
||
| 100 | _a20241120d2024 u y0rusy50 ca | ||
| 101 | 1 |
_arus _ceng |
|
| 102 | _aRU | ||
| 105 | _aac j 000yy | ||
| 181 | 0 |
_ai _baxxe |
|
| 182 | 0 | _an | |
| 200 | 1 |
_aКрия йога даршан _eмедитация и ее метафорическое толкование _fСвами Шанкарананда Гири _gперевод [с английского] |
|
| 203 |
_aТекст _bвизуальный _cнепосредственный |
||
| 205 | _aИспр. и доп. 2-е изд. | ||
| 210 |
_aМосква _cРодович _d2024 |
||
| 215 |
_a250 с. _cил., цв. ил., табл., портр. _d24 |
||
| 300 | _aНа 4-й с. обл. авт.: Свами Шанкарананда Гири, Свамиджи | ||
| 300 | _aОриг. представляет собой сильно перераб. и расшир. изд. кн. "Kriya Yoga Darshan: Theory and Practice / Swami Shankarananda Giri" | ||
| 320 | _aДругие кн. авт. на 4-й с. обл. | ||
| 454 | 0 |
_12001#$aKriya Yoga Darshan: Theory and Practice$fSwami Shankarananda Giri _1700#0$aShankarananda Giri Swami$f1947-$3RU\NLR\AUTH\770274917 _tKriya Yoga Darshan: Theory and Practice _aShankarananda Giri Swami (1947-) |
|
| 606 | 1 |
_aКрийя-Йога _92607620 _3RU\NLR\AUTH\661544178 |
|
| 606 | 1 |
_aМедитация _xИндуистская концепция _92550741 _3RU\NLR\AUTH\6601722527 |
|
| 686 | 1 | _aЮ3(5Ид)6-684 | |
| 686 | 2 | _aЭ331-4-340.2 | |
| 686 | 2 | _aЭ331.81-5 | |
| 700 | 0 |
_aШанкарананда Гири Свами _f1947- _3RU\NLR\AUTH\770274911 |
|
| 942 | _cBOOK | ||
| 980 | _aNB | ||